Orden ťico y derecho

Detalles Bibliográficos
Autor principal: Castellano, Danilo
Formato: eBook
Lenguaje:español
Publicado: Madrid: Marcial Pons, 2010
Materias:
Acceso en línea:Acceso restringido

MARC

LEADER 00000nam a22000007a 4500
005 20170118000554.0
007 cr|||| ||||
008 170118s2010 es |||||s|||| 00||0 spa d
020 |a 978-84-9123-022-9 
035 |a 14698 
040 |a vLex 
090 |c 6524  |d 6524 
100 1 |a Castellano, Danilo 
245 1 0 |a Orden ťico y derecho  |h [Recurso electrn̤ico] /  |c Danilo Castellano 
256 |a Servicio en ln̕ea 
260 |a Madrid:  |b Marcial Pons,  |c 2010 
300 |a 1 recurso electrn̤ico 
500 |a En este libro, segundo de los suyos que ve la luz en la coleccin̤ Prudentia iuris, desarrolla y tematiza el ligamen natural, y por ello necesario, entre moral y derecho. 
506 1 |a Disponible solo en los productos indicados  |d vLex Global  |d vLex Global (Academic Edition, excluding Law Schools)  |d vLex Global (U.S. Academic Edition, Law Schools)  |d vLex Global (U.S. Academic Edition, excluding Law Schools)  |d vLex Global (Academic Edition, Law Schools) 
650 0 4 |a Derecho Civil  |z Espaą 
650 0 4 |a Ciencias sociales  |z Espaą 
650 0 4 |a Filosofa̕ y religin̤  |z Espaą 
740 0 |a vLex Libros (Servicio en ln̕ea) 
856 4 0 |u http://vlex.com/source/orden-etico-y-derecho-14698  |z Acceso restringido 
942 |c BOOK 
999 0 |a Civil Law 
999 0 |a Social sciences 
999 0 |a Philosophy and religion